Obras escogidas

Gardado en:
Detalles Bibliográficos
Main Authors: Marx, Karl Heinrich (autor), Engels, Friedrich, 1820-1895 (Author)
Formato: Libro
Idioma:Lingua castelá
Publicado: Moscú Progreso 1950
Subjects:
Tags: Engadir etiqueta
Sen Etiquetas, Sexa o primeiro en etiquetar este rexistro!

MARC

LEADER 00000nam a2200000 a 4500
001 UCM8170
003 CL-VaPUC
005 20241212092116.0
008 030124e19500000ru |||||||||||||||||spa|d
999 |c 302749  |d 302747 
040 |c Pontificia Universidad Católica de Valparaíso 
082 0 4 |a 335.4  |b MAR  |2 21 
100 |a Marx, Karl Heinrich  |e autor  |9 863668 
245 1 0 |a Obras escogidas 
260 |a Moscú  |b Progreso  |c 1950 
300 |a 831 p 
583 |a last modification  |c 20171205 05:43:32  |k Rodrigo Vera 
650 0 |a Comunismo  |9 255588 
650 7 |a MARXISMO  |2 CL-VaPUC  |9 474111 
650 0 |a Lucha de clases  |9 403122 
650 0 |a Clases sociales  |9 256858 
650 0 |a Ideologías políticas   |9 255735 
650 0 |a Proletariado  |9 269152 
650 0 |a Clase obrera  |9 317035 
700 |a Engels, Friedrich,  |d 1820-1895  |e author  |9 337012 
942 |c BK  |2 ddc 
945 |d 20030124 00:00:00  |a cmena 
952 |0 0  |1 0  |4 0  |6 335_400000000000000_MAR_1950  |7 0  |8 A  |9 363475  |a BIBHIS  |b BIBHIS  |d 2019-11-21  |i 3879232  |o 335.4 MAR 1950  |p 3879232  |r 2025-01-20  |w 2019-11-21  |y BK  |k HIS